[Event "CAN-op"]
[Site "Edmonton CAN"]
[Date "2000.07.16"]
[Round "10"]
[White "Birgani, Farokh"]
[Black "Strojevs, Alexander"]
[Result "0-1"]
[WhiteElo "1685"]
[BlackElo "1904"]
[PlyCount "84"]
[GameId "2160767911703261"]
[EventDate "2000.07.08"]
[EventType "swiss"]
[EventRounds "10"]
[EventCountry "CAN"]

1. e4 c5 2. Nf3 d6 3. Bc4 Nc6 4. a3 Nf6 5. d3 h6 6. c3 e6 7. O-O Be7 8. b4 Qc7 9. bxc5 dxc5 10. Re1 O-O 11. Nbd2 Rd8 12. Nb3 b6 13. g3 a6 14. a4 Rb8 15. d4 cxd4 16. cxd4 Nxd4 17. Bf4 Nxf3+ 18. Qxf3 e5 19. Rec1 Bg4 20. Qg2 Qd6 21. Be3 Be6 22. Nd2 Ng4 23. Bxe6 Qxe6 24. Qf3 Nxe3 25. Qxe3 Bc5 26. Qe2 Rd7 27. Rab1 Rbd8 28. Nc4 a5 29. Qh5 f6 30. Qe2 Rd4 31. Kf1 Bb4 32. Ne3 Rd2 33. Qa6 Qa2 34. Qxb6 Rxf2+ 35. Kg1 Rfd2 36. Qc7 R2d7 37. Qc6 Bd2 38. Ra1 Bxe3+ 39. Kh1 Qf7 40. Rf1 Bd2 41. Qb5 Bb4 42. h4 Qg6 0-1

[Event "CAN-op"]
[Site "Edmonton CAN"]
[Date "2000.07.16"]
[Round "10"]
[White "Blakely, Grant"]
[Black "Hinds, Riana"]
[Result "0-1"]
[WhiteElo "1147"]
[BlackElo "1295"]
[PlyCount "64"]
[GameId "2160767911703262"]
[EventDate "2000.07.08"]
[EventType "swiss"]
[EventRounds "10"]
[EventCountry "CAN"]

1. e4 d6 2. Nc3 Nf6 3. Bb5+ c6 4. Ba4 e5 5. Qe2 Be7 6. Nf3 O-O 7. d3 Bg4 8. O-O Nbd7 9. b4 d5 10. a3 d4 11. Bb2 dxc3 12. Bxc3 b5 13. Bb3 Bd6 14. d4 a6 15. a4 Qe7 16. Qd3 Bxf3 17. Qxf3 exd4 18. Bd2 Nxe4 19. Bh6 Ng5 20. Bxg5 Qxg5 21. Qxc6 Qe7 22. Bxf7+ Kh8 23. Rae1 Ne5 24. Qd5 Rad8 25. Bh5 bxa4 26. Qxd4 Qg5 27. f4 Qh4 28. Rxe5 Bxe5 29. Qxe5 Qf6 30. Qa5 Qd4+ 31. Kh1 g6 32. Be2 Rde8 0-1

[Event "CAN-op"]
[Site "Edmonton CAN"]
[Date "2000.07.16"]
[Round "10"]
[White "Bojovic, Gavrilo"]
[Black "Beebe, Greg"]
[Result "0-1"]
[WhiteElo "2093"]
[BlackElo "1861"]
[PlyCount "144"]
[GameId "2160767911703263"]
[EventDate "2000.07.08"]
[EventType "swiss"]
[EventRounds "10"]
[EventCountry "CAN"]

1. e4 c5 2. d4 cxd4 3. c3 dxc3 4. Nxc3 Nc6 5. Bc4 e6 6. Nf3 Be7 7. O-O Nf6 8. e5 Ng4 9. Qe2 d6 10. Rd1 Ngxe5 11. Bb3 Nxf3+ 12. Qxf3 d5 13. Qg3 Bf6 14. Ne4 Qe7 15. Nd6+ Kf8 16. Re1 Be5 17. Nxc8 Bxg3 18. Nxe7 Bxf2+ 19. Kxf2 Kxe7 20. Bxd5 Nb4 21. Be4 Rad8 22. a3 Nd3+ 23. Bxd3 Rxd3 24. Be3 a6 25. Rac1 Rb3 26. Rc7+ Kf6 27. Bd4+ Kg6 28. Re3 Rxe3 29. Bxe3 Rb8 30. Ba7 Rd8 31. Rxb7 Rd2+ 32. Kf3 h5 33. Be3 Rc2 34. b4 Ra2 35. Ra7 Rxa3 36. b5 a5 37. b6 a4 38. Ke4 Rb3 39. Kf3 a3 40. Ke4 f5+ 41. Kd4 e5+ 42. Kc4 Rxe3 43. Rxa3 Rxa3 44. b7 Ra4+ 45. Kc3 Ra3+ 46. Kb2 Re3 47. b8=Q f4 48. Qe8+ Kg5 49. Qe7+ Kh6 50. Kc1 g6 51. h4 Re2 52. Qf8+ Kh7 53. Qf7+ Kh8 54. Qxg6 Re3 55. Qxh5+ Kg8 56. Qg5+ Kh7 57. h5 Rg3 58. Qe7+ Kh6 59. Qh4 Rxg2 60. Qf6+ Kxh5 61. Qh8+ Kg4 62. Qg8+ Kf3 63. Qd5+ e4 64. Qh5+ Ke3 65. Qh3+ f3 66. Qh6+ Kd3 67. Qd6+ Ke3 68. Qa3+ Kf2 69. Qb2+ Kg1 70. Qd4+ Kf1 71. Qh8 e3 72. Qb8 Kg1 0-1

[Event "CAN-op"]
[Site "Edmonton CAN"]
[Date "2000.07.16"]
[Round "10"]
[White "Boron, Anthony"]
[Black "Boehmer, Kris"]
[Result "0-1"]
[WhiteElo "1862"]
[BlackElo "2140"]
[PlyCount "90"]
[GameId "2160767911703264"]
[EventDate "2000.07.08"]
[EventType "swiss"]
[EventRounds "10"]
[EventCountry "CAN"]

1. d4 Nf6 2. Nf3 e6 3. e3 c5 4. c3 d5 5. Bd3 Nc6 6. Nbd2 b6 7. O-O Be7 8. Re1 O-O 9. b3 Qc7 10. Bb2 e5 11. Nxe5 Nxe5 12. dxe5 Qxe5 13. Nf3 Qc7 14. c4 Bb7 15. Be5 Qc6 16. cxd5 Nxd5 17. Be4 f5 18. Bxd5+ Qxd5 19. Qxd5+ Bxd5 20. Red1 Be6 21. Rac1 Rfd8 22. Bc7 Rxd1+ 23. Rxd1 Rc8 24. Bf4 h6 25. h3 g5 26. Be5 b5 27. Bc3 b4 28. Ba1 a5 29. Ne5 c4 30. bxc4 Bf6 31. Rd6 Bxe5 32. Bxe5 Bxc4 33. Rxh6 Rc5 34. Bd4 Rb5 35. Rg6+ Kf7 36. Rxg5 Bxa2 37. h4 b3 38. Bb2 Bb1 39. f4 Be4 40. h5 Rb6 41. g4 Rd6 42. Rg7+ Kf8 43. gxf5 Rd1+ 44. Kf2 Rd2+ 45. Ke1 Rxb2 0-1

[Event "CAN-op"]
[Site "Edmonton CAN"]
[Date "2000.07.16"]
[Round "10"]
[White "Bowerman, Robert"]
[Black "Weis, Rod"]
[Result "1-0"]
[WhiteElo "2116"]
[BlackElo "1858"]
[PlyCount "69"]
[GameId "2160767911703265"]
[EventDate "2000.07.08"]
[EventType "swiss"]
[EventRounds "10"]
[EventCountry "CAN"]

1. d4 Nf6 2. c4 g6 3. Nc3 Bg7 4. e4 d6 5. Nge2 O-O 6. Ng3 c6 7. Be2 Na6 8. Bg5 e5 9. d5 h6 10. Be3 c5 11. Qd2 Kh7 12. O-O Ng8 13. Bd3 Nb4 14. Bb1 h5 15. a3 Na6 16. Bd3 Bh6 17. Bxh6 Nxh6 18. Rab1 f5 19. exf5 Bxf5 20. Nce4 Nf7 21. b4 h4 22. Ne2 Bxe4 23. Bxe4 Ng5 24. Nc3 Rf4 25. Qc2 Nxe4 26. Nxe4 b6 27. f3 Qe7 28. Qa4 cxb4 29. Qxa6 Raf8 30. axb4 Rxe4 31. fxe4 Rf4 32. Rbe1 h3 33. g3 Rg4 34. Qc8 Qh4 35. Rf7+ 1-0

[Event "CAN-op"]
[Site "Edmonton CAN"]
[Date "2000.07.16"]
[Round "10"]
[White "Bowles, Charles"]
[Black "Tassone, Adam"]
[Result "1/2-1/2"]
[WhiteElo "1632"]
[BlackElo "1258"]
[PlyCount "62"]
[GameId "2160767911703266"]
[EventDate "2000.07.08"]
[EventType "swiss"]
[EventRounds "10"]
[EventCountry "CAN"]

1. Nf3 d5 2. g3 Nc6 3. d3 e5 4. Bg2 Nf6 5. c3 a6 6. O-O Be7 7. Nbd2 Be6 8. e4 dxe4 9. dxe4 O-O 10. Qe2 Qd7 11. Rd1 Rad8 12. b3 Qd3 13. Qxd3 Rxd3 14. Bb2 Rfd8 15. Bf1 R3d7 16. Be2 Bg4 17. Kg2 Bxf3+ 18. Nxf3 Nxe4 19. Rxd7 Rxd7 20. Rd1 Rxd1 21. Bxd1 Bc5 22. Be2 Nxf2 23. c4 f6 24. a3 Ne4 25. b4 Be7 26. c5 Kf7 27. Bd3 f5 28. Nxe5+ Nxe5 29. Bxe5 Bd8 30. Bc4+ Kg6 31. Bd4 c6 1/2-1/2

[Event "CAN-op"]
[Site "Edmonton CAN"]
[Date "2000.07.16"]
[Round "10"]
[White "Brodie, Hugh"]
[Black "Neufahrt, Gerhard"]
[Result "1/2-1/2"]
[WhiteElo "1968"]
[BlackElo "2131"]
[PlyCount "91"]
[GameId "2160767911703267"]
[EventDate "2000.07.08"]
[EventType "swiss"]
[EventRounds "10"]
[EventCountry "CAN"]

1. e4 g6 2. d4 c6 3. Nf3 d5 4. Nc3 h5 5. h3 Nh6 6. Bd3 Bg7 7. exd5 cxd5 8. Bf4 Nf5 9. Ne2 Nc6 10. c3 f6 11. Ng3 e5 12. Nxf5 gxf5 13. dxe5 fxe5 14. Bg5 Qb6 15. Qe2 e4 16. Nh4 Kf7 17. Bb5 Ne5 18. Rd1 Be6 19. f4 Ng6 20. Nxg6 Kxg6 21. Bh4 d4 22. cxd4 Bxd4 23. Bc4 Bxb2 24. Bxe6 Bc3+ 25. Kf1 Qxe6 26. Qe3 Bf6 27. Bxf6 Qxf6 28. Rd7 Qa1+ 29. Kf2 Qxa2+ 30. Kg1 Rhg8 31. Qd4 Rae8 32. Kh2 Kh6 33. Rd6+ Re6 34. Rxe6+ Qxe6 35. Qxa7 Qc6 36. Qe3 Qc2 37. Rg1 Qb2 38. Qc5 Qf6 39. Rd1 Rg6 40. Rd5 Qg7 41. Rxf5 Rxg2+ 42. Kh1 Qg6 43. Qf8+ Qg7 44. Qc5 Qg6 45. Qf8+ Qg7 46. Qc5 1/2-1/2

[Event "CAN-op"]
[Site "Edmonton CAN"]
[Date "2000.07.16"]
[Round "10"]
[White "Bubar, Rob"]
[Black "Clark, Alan"]
[Result "0-1"]
[WhiteElo "1666"]
[BlackElo "2003"]
[PlyCount "108"]
[GameId "2160767911703268"]
[EventDate "2000.07.08"]
[EventType "swiss"]
[EventRounds "10"]
[EventCountry "CAN"]

1. e4 c5 2. Nf3 d6 3. d4 cxd4 4. Nxd4 Nf6 5. Nc3 a6 6. Be2 e5 7. Nb3 Be7 8. O-O Nbd7 9. Be3 O-O 10. Bd3 b5 11. a3 Qc7 12. f4 exf4 13. Bxf4 Ne5 14. Rc1 Be6 15. Nd4 Qa7 16. Kh1 Qxd4 17. Qe2 Bg4 18. Qd2 Nxd3 19. cxd3 Qa7 20. h3 Be6 21. Be3 Qb7 22. Rf3 a5 23. Rcf1 b4 24. Ne2 bxa3 25. bxa3 Qb3 26. Bh6 Ne8 27. Nf4 Qa2 28. Qe3 Rb8 29. Nh5 Rb1 30. e5 Rxf1+ 31. Rxf1 Qd5 32. d4 dxe5 33. dxe5 Qb5 34. Rf3 Qb1+ 35. Kh2 g6 36. Bxf8 Bxf8 37. Nf6+ Nxf6 38. exf6 Bd6+ 39. g3 Qc2+ 40. Rf2 Qc5 41. Qxc5 Bxc5 42. Rf3 Kf8 43. g4 Ke8 44. Kg3 Kd7 45. Kh4 h6 46. g5 h5 47. Kg3 Kc6 48. h4 a4 49. Rc3 Bb3 50. Kf4 Kb5 51. Ke5 Bxa3 52. Rc7 Bc5 53. Rc8 a3 54. Ke4 a2 0-1

[Event "CAN-op"]
[Site "Edmonton CAN"]
[Date "2000.07.16"]
[Round "10"]
[White "Bukowski, George"]
[Black "Climenhaga, Harold"]
[Result "0-1"]
[WhiteElo "1662"]
[BlackElo "1938"]
[PlyCount "118"]
[GameId "2160767911703269"]
[EventDate "2000.07.08"]
[EventType "swiss"]
[EventRounds "10"]
[EventCountry "CAN"]

1. d4 Nf6 2. c4 e6 3. Nc3 Bb4 4. Qc2 O-O 5. Bd2 c5 6. a3 Bxc3 7. Bxc3 cxd4 8. Bxd4 Nc6 9. Nf3 d5 10. cxd5 exd5 11. e3 Re8 12. Bd3 Bg4 13. Bxf6 Qxf6 14. O-O Rac8 15. Nd2 h6 16. Qb3 Ne5 17. Bb5 Red8 18. Qb4 a6 19. Ba4 Be2 20. Rfb1 Nd3 21. Qd4 Qxf2+ 22. Kh1 Qf5 23. Nf1 Rc4 24. Ng3 Rxd4 25. Nxf5 Rxa4 26. Nd4 Bh5 27. b3 Ra5 28. b4 Ra4 29. h3 Bg6 30. Nb3 b6 31. Rf1 Re8 32. Nd2 Rxe3 33. Nb1 Nxb4 34. Nc3 Rxc3 35. axb4 Rxb4 36. Rxa6 Rcb3 37. Kh2 Kh7 38. Rd1 Be4 39. Ra7 Rb2 40. Rg1 Rc2 41. Rxf7 Rbb2 42. Kg3 Rxg2+ 43. Rxg2 Rxg2+ 44. Kh4 Kg6 45. Rf4 b5 46. Rxe4 Kf6 47. Rb4 g5+ 48. Kh5 Rh2 49. Rxb5 Rxh3+ 50. Kg4 Rh4+ 51. Kg3 Ke5 52. Rb1 d4 53. Re1+ Re4 54. Rh1 Rh4 55. Re1+ Kd5 56. Re8 Kc4 57. Rc8+ Kd3 58. Ra8 Ke3 59. Ra3+ d3 0-1

[Event "CAN-op"]
[Site "Edmonton CAN"]
[Date "2000.07.16"]
[Round "10"]
[White "Cable, Lindi"]
[Black "Osthoff, Dieter"]
[Result "0-1"]
[WhiteElo "1312"]
[BlackElo "1610"]
[PlyCount "69"]
[GameId "2160767911703270"]
[EventDate "2000.07.08"]
[EventType "swiss"]
[EventRounds "10"]
[EventCountry "CAN"]

1. d4 d5 2. Nf3 e6 3. Bf4 b6 4. e3 Bb7 5. Bd3 Be7 6. Nbd2 Nd7 7. c3 c5 8. O-O Ngf6 9. h3 cxd4 10. exd4 Nf8 11. Bb5+ N8d7 12. Ne5 h6 13. Bxd7+ Nxd7 14. Qh5 Nxe5 15. Bxe5 Bf6 16. Nf3 Bxe5 17. Nxe5 O-O 18. Rae1 Ba6 19. Nc6 Qc7 20. Ne5 Bxf1 21. Kxf1 Rae8 22. Re3 Kh7 23. Rg3 Re7 24. Qg4 Rg8 25. Kg1 Qc8 26. Nf3 f6 27. Nh4 g5 28. Nf3 Qe8 29. Nh2 Qg6 30. Qd1 Qe8 31. Ng4 Qf7 32. Qc2+ f5 33. h4 gxh4 34. Nf6+ Qxf6 35. Rg4 0-1

[Event "CAN-op"]
[Site "Edmonton CAN"]
[Date "2000.07.16"]
[Round "10"]
[White "Campbell, Brett"]
[Black "Stanford, Mike"]
[Result "1-0"]
[WhiteElo "2229"]
[BlackElo "2124"]
[PlyCount "59"]
[GameId "2160767911703271"]
[EventDate "2000.07.08"]
[EventType "swiss"]
[EventRounds "10"]
[EventCountry "CAN"]

1. c4 e6 2. Nf3 Nf6 3. g3 b6 4. Bg2 Bb7 5. O-O Be7 6. d3 O-O 7. e4 d5 8. cxd5 exd5 9. e5 Ne8 10. d4 c5 11. Nc3 Nc7 12. Re1 f6 13. exf6 Bxf6 14. Bf4 Nba6 15. Rc1 c4 16. a3 b5 17. b4 Bc6 18. h4 Rb8 19. Ng5 Re8 20. Qh5 Bxg5 21. hxg5 Qd7 22. g6 hxg6 23. Qxg6 Rb6 24. Rxe8+ Nxe8 25. Nxd5 Bxd5 26. Bxd5+ Qxd5 27. Qxe8+ Kh7 28. Re1 Rg6 29. Re5 Qf3 30. Qxb5 1-0

[Event "CAN-op"]
[Site "Edmonton CAN"]
[Date "2000.07.16"]
[Round "10"]
[White "Carayanniotis, Jason"]
[Black "Clemens, John"]
[Result "1-0"]
[WhiteElo "977"]
[BlackElo "1564"]
[PlyCount "99"]
[GameId "2160767911703272"]
[EventDate "2000.07.08"]
[EventType "swiss"]
[EventRounds "10"]
[EventCountry "CAN"]

1. d4 d5 2. Nc3 Nf6 3. Bg5 Nbd7 4. f3 h6 5. Bxf6 Nxf6 6. e4 c6 7. e5 Nd7 8. h4 e6 9. f4 a6 10. a4 Qa5 11. Bd3 Bb4 12. Nge2 c5 13. dxc5 Nxc5 14. O-O Bd7 15. Kh1 Rc8 16. h5 O-O 17. g4 Nxd3 18. Qxd3 Bxc3 19. Nxc3 Bc6 20. Kh2 Qd8 21. Qg3 f6 22. Rg1 fxe5 23. fxe5 Qg5 24. Nd1 Rf4 25. Nf2 Rcf8 26. Nh3 Qxe5 27. Nxf4 Qxf4 28. Qxf4 Rxf4 29. Kg3 Rc4 30. c3 Bxa4 31. Rgf1 e5 32. Rab1 Bc2 33. Rbc1 Bd3 34. b3 Rc5 35. Rfd1 e4 36. c4 d4 37. b4 Rc6 38. b5 axb5 39. cxb5 Rb6 40. Rc8+ Kf7 41. Rd8 Rxb5 42. Rxd4 Rb3 43. Kf4 Ke6 44. Rc1 b5 45. Rc6+ Ke7 46. Ke5 e3 47. Re6+ Kf7 48. Rd7+ Kg8 49. Re8+ Kh7 50. Rdd8 1-0

[Event "CAN-op"]
[Site "Edmonton CAN"]
[Date "2000.07.16"]
[Round "10"]
[White "Caron, Harvey"]
[Black "Jewlal, Derrick"]
[Result "0-1"]
[WhiteElo "1736"]
[BlackElo "1908"]
[PlyCount "68"]
[GameId "2160767911703273"]
[EventDate "2000.07.08"]
[EventType "swiss"]
[EventRounds "10"]
[EventCountry "CAN"]

1. d4 Nf6 2. c4 e5 3. dxe5 Ng4 4. Nf3 Nc6 5. e4 Bc5 6. Be3 Bxe3 7. fxe3 Nxe3 8. Qe2 Nxf1 9. Qxf1 Qe7 10. Qe2 O-O 11. O-O Nxe5 12. Nxe5 Qxe5 13. Nc3 b6 14. Kh1 d6 15. Rad1 a6 16. Rf2 Bb7 17. Nd5 Bxd5 18. exd5 Qxe2 19. Rxe2 Rae8 20. Rde1 Rxe2 21. Rxe2 g6 22. Re7 Rc8 23. g3 Kf8 24. Re3 Re8 25. Rxe8+ Kxe8 26. Kg2 f5 27. Kf3 Kf7 28. b4 Kf6 29. h4 h6 30. a3 Ke5 31. Ke3 b5 32. Kd3 g5 33. hxg5 hxg5 34. cxb5 axb5 0-1

[Event "CAN-op"]
[Site "Edmonton CAN"]
[Date "2000.07.16"]
[Round "10"]
[White "Chiba, James"]
[Black "Carayanniotis, George"]
[Result "1-0"]
[WhiteElo "1750"]
[BlackElo "998"]
[PlyCount "51"]
[GameId "2160767911703274"]
[EventDate "2000.07.08"]
[EventType "swiss"]
[EventRounds "10"]
[EventCountry "CAN"]

1. e4 d6 2. d4 Nf6 3. Nc3 g6 4. f4 Bg7 5. Nf3 c5 6. dxc5 dxc5 7. Qxd8+ Kxd8 8. Be3 b6 9. O-O-O+ Ke8 10. h3 Bb7 11. Bb5+ Nfd7 12. Nd5 Bxd5 13. Rxd5 a6 14. Bxd7+ Nxd7 15. e5 e6 16. Rd3 Ke7 17. Rhd1 Rhd8 18. Bf2 Ke8 19. Bh4 f6 20. Rd6 Nf8 21. exf6 Rxd6 22. Rxd6 Bh6 23. g3 b5 24. Ne5 Ra7 25. f7+ Rxf7 26. Rd8# 1-0

[Event "CAN-op"]
[Site "Edmonton CAN"]
[Date "2000.07.16"]
[Round "10"]
[White "Chow, Vincent"]
[Black "Jiganchine, Roman"]
[Result "1-0"]
[WhiteElo "2042"]
[BlackElo "2199"]
[PlyCount "117"]
[GameId "2160767911703275"]
[EventDate "2000.07.08"]
[EventType "swiss"]
[EventRounds "10"]
[EventCountry "CAN"]

1. d4 d5 2. c4 c6 3. Nc3 dxc4 4. a4 e5 5. dxe5 Qxd1+ 6. Kxd1 Nd7 7. Bf4 Ne7 8. e3 Ng6 9. Nf3 Nb6 10. Nd2 Be6 11. Bg3 a5 12. e4 O-O-O 13. f4 f5 14. exf6 Bg4+ 15. Kc2 gxf6 16. Nxc4 Nxc4 17. Bxc4 Bc5 18. f5 Ne5 19. Bxe5 fxe5 20. h3 Bh5 21. g4 Be8 22. Be6+ Kc7 23. Rad1 Rxd1 24. Rxd1 Be7 25. Rc1 h6 26. Nb1 b5 27. axb5 cxb5 28. Bd5 b4 29. b3 a4 30. bxa4 Bxa4+ 31. Bb3 Bc6 32. Nd2 Rd8 33. Re1 Rd4 34. Bd5 Bxd5 35. exd5 Rxd5 36. Ne4 Rd4 37. f6 Bf8 38. h4 Kc6 39. g5 hxg5 40. hxg5 Kd5 41. g6 Ke6 42. Rg1 Rd8 43. Rf1 Ra8 44. Ng5+ Kd7 45. Rd1+ Ke8 46. Ne6 Rc8+ 47. Kb2 e4 48. Rd4 e3 49. Re4 Bh6 50. Nd4+ Kd7 51. Nf5 Re8 52. g7 Bxg7 53. fxg7 Rxe4 54. g8=Q e2 55. Qf7+ Kc6 56. Qf6+ Kc5 57. Qd6+ Kc4 58. Qc6+ Kd3 59. Qd5+ 1-0

[Event "CAN-op"]
[Site "Edmonton CAN"]
[Date "2000.07.16"]
[Round "10"]
[White "Chranowski, Rick"]
[Black "Lentini, Joseph"]
[Result "1/2-1/2"]
[WhiteElo "1882"]
[BlackElo "2153"]
[PlyCount "134"]
[GameId "2160767911703276"]
[EventDate "2000.07.08"]
[EventType "swiss"]
[EventRounds "10"]
[EventCountry "CAN"]

1. Nc3 c5 2. f4 Nc6 3. Nf3 g6 4. e4 Bg7 5. Bc4 e6 6. e5 d5 7. exd6 Qxd6 8. d3 b6 9. Ne4 Qd7 10. c3 Nge7 11. O-O O-O 12. Qe2 Bb7 13. Be3 Nd5 14. Bxd5 exd5 15. Neg5 h6 16. Nh3 Rfe8 17. Qd2 d4 18. Bf2 f5 19. c4 Re6 20. Rae1 Rae8 21. Rxe6 Rxe6 22. a3 a5 23. Re1 Qe8 24. Rxe6 Qxe6 25. Qe1 Qxe1+ 26. Nxe1 Kf7 27. Bh4 a4 28. Nc2 Ba6 29. Nf2 b5 30. cxb5 Bxb5 31. Ne1 Ke6 32. Kf1 Kd5 33. Ke2 Na5 34. Bd8 Nb3 35. Kd1 Bf8 36. Bf6 Bd6 37. g3 Na5 38. Nf3 Be8 39. Kc2 Bc6 40. Nd2 c4 41. Bd8 cxd3+ 42. Nxd3 Nb7 43. Bb6 Bb5 44. Nb4+ Bxb4 45. axb4 Nd6 46. Kc1 Nc4 47. Nxc4 Bxc4 48. Kd2 Ke4 49. Bc5 d3 50. Bf2 Kf3 51. Be1 Kg2 52. h4 Kf1 53. Kd1 Bd5 54. b5 h5 55. Bc3 Kf2 56. Bf6 Ke3 57. Bc3 Bf3+ 58. Ke1 Be4 59. Kd1 Bb7 60. b6 Kf2 61. Bf6 Kxg3 62. Bg5 Kf3 63. Kd2 Ke4 64. Bh6 Ba6 65. Bg5 Kd4 66. Bf6+ Ke4 67. Bg5 Kd4 1/2-1/2

[Event "CAN-op"]
[Site "Edmonton CAN"]
[Date "2000.07.16"]
[Round "10"]
[White "Daku, Zoltan"]
[Black "Gemmell, Ian"]
[Result "1-0"]
[WhiteElo "1717"]
[BlackElo "1344"]
[PlyCount "69"]
[GameId "2160767911703277"]
[EventDate "2000.07.08"]
[EventType "swiss"]
[EventRounds "10"]
[EventCountry "CAN"]

1. d4 f5 2. Nc3 Nf6 3. Bg5 e6 4. e4 fxe4 5. Nxe4 Be7 6. Bd3 Nc6 7. c3 e5 8. Nxf6+ Bxf6 9. Bxf6 Qxf6 10. Nf3 exd4 11. cxd4 Nxd4 12. Nxd4 O-O 13. O-O Kh8 14. Qf3 Qd6 15. Qe4 g6 16. Nf3 Qf6 17. Qe5 d6 18. Qxf6+ Rxf6 19. Rfe1 Bg4 20. Re7 c5 21. Rae1 Bxf3 22. gxf3 Rxf3 23. Be4 Rf4 24. Bxb7 Rb8 25. a3 Rg4+ 26. Kh1 Rf4 27. Kg2 Rbf8 28. f3 Rd4 29. Rd7 Rd2+ 30. Kg3 Rb8 31. Ree7 h5 32. Rh7+ Kg8 33. Rhg7+ Kf8 34. Rdf7+ Ke8 35. Bc6+ 1-0

[Event "CAN-op"]
[Site "Edmonton CAN"]
[Date "2000.07.16"]
[Round "10"]
[White "Daniluk, Jim"]
[Black "Gomboc, Dave"]
[Result "1-0"]
[WhiteElo "2123"]
[BlackElo "1991"]
[PlyCount "33"]
[GameId "2160767911703278"]
[EventDate "2000.07.08"]
[EventType "swiss"]
[EventRounds "10"]
[EventCountry "CAN"]

1. d4 d5 2. Nf3 e6 3. c4 Nf6 4. g3 dxc4 5. Bg2 b5 6. Ne5 Nd5 7. e4 Bb4+ 8. Bd2 Bxd2+ 9. Qxd2 Ne7 10. O-O c6 11. a4 Bb7 12. axb5 cxb5 13. Qg5 O-O 14. Ng4 a6 15. d5 exd5 16. exd5 Nc8 17. Nh6+ 1-0

[Event "CAN-op"]
[Site "Edmonton CAN"]
[Date "2000.07.16"]
[Round "10"]
[White "Davies, Lucas"]
[Black "Ward, Hilton"]
[Result "1-0"]
[WhiteElo "1810"]
[BlackElo "1369"]
[PlyCount "73"]
[GameId "2160767911703279"]
[EventDate "2000.07.08"]
[EventType "swiss"]
[EventRounds "10"]
[EventCountry "CAN"]

1. e4 e5 2. Nf3 Nc6 3. Bc4 Nf6 4. d3 Bc5 5. c3 d6 6. Nbd2 O-O 7. h3 Bd7 8. Bb3 Qe7 9. Nf1 h6 10. Ng3 Rae8 11. O-O Qd8 12. Qe2 Qc8 13. Kh2 Nd8 14. Be3 Ne6 15. Nh4 Nf4 16. Qd2 Bxh3 17. Bxf4 Qg4 18. gxh3 Qxh4 19. Be3 Ng4+ 20. Kg2 Re6 21. Bxe6 fxe6 22. hxg4 Qxg4 23. Qe2 Qg6 24. Bxc5 dxc5 25. Qh5 Qf6 26. Qg4 Kf7 27. Nh5 Qg6 28. Qxg6+ Kxg6 29. Ng3 Rf4 30. f3 h5 31. Ne2 Rf6 32. f4 Kh6 33. fxe5 Rg6+ 34. Kh3 Rg4 35. Rf4 Rxf4 36. Nxf4 g5 37. Nxe6 1-0

[Event "CAN-op"]
[Site "Edmonton CAN"]
[Date "2000.07.16"]
[Round "10"]
[White "Day, Jonathan"]
[Black "Newton, Geoff"]
[Result "0-1"]
[WhiteElo "1836"]
[BlackElo "2044"]
[PlyCount "140"]
[GameId "2160767911703280"]
[EventDate "2000.07.08"]
[EventType "swiss"]
[EventRounds "10"]
[EventCountry "CAN"]

1. e4 Nf6 2. e5 Nd5 3. Nf3 d6 4. c4 Nb6 5. Nc3 Bg4 6. Be2 Nc6 7. exd6 exd6 8. b3 Be7 9. d4 Bf6 10. Be3 Ne7 11. Qc2 O-O 12. h3 Bf5 13. Ne4 Nc6 14. a3 Bxe4 15. Qxe4 Re8 16. Qg4 Qe7 17. O-O g6 18. Rad1 Qf8 19. Bd3 Qg7 20. Bc2 Re7 21. Rfe1 h5 22. Qf4 Rae8 23. Kf1 a5 24. a4 d5 25. c5 Nd7 26. h4 Nf8 27. Ng5 Nxd4 28. Bxd4 Rxe1+ 29. Rxe1 Rxe1+ 30. Kxe1 Bxd4 31. Qxc7 Qe5+ 32. Qxe5 Bxe5 33. Nf3 Nd7 34. Nxe5 Nxe5 35. Kd2 Kf8 36. Kc3 Nc6 37. Bd1 Ke7 38. g4 hxg4 39. Bxg4 f5 40. Bf3 Ke6 41. h5 gxh5 42. Bxh5 Ke5 43. Be8 Nb4 44. Bd7 Na6 45. c6 bxc6 46. Bxc6 Nb4 47. Bb7 Ke4 48. Kd2 f4 49. Ke2 f3+ 50. Kd2 Kd4 51. Ba8 Na6 52. Bc6 Nc5 53. Kc2 Nd3 54. Bb5 Nxf2 55. Kd2 Ne4+ 56. Ke1 Kc3 57. Bc6 Nf6 58. Kf2 Kxb3 59. Kxf3 d4 60. Ke2 Kc3 61. Kd1 Ng4 62. Bb5 Nf2+ 63. Ke2 Ne4 64. Kf3 Nc5 65. Ke2 Kc2 66. Be8 d3+ 67. Ke3 d2 68. Bh5 Nxa4 69. Kd4 Nb2 70. Kc5 Kc3 0-1

[Event "CAN-op"]
[Site "Edmonton CAN"]
[Date "2000.07.16"]
[Round "10"]
[White "Deimert, David"]
[Black "Bradbrooke, Wally"]
[Result "1-0"]
[WhiteElo "1099"]
[BlackElo "1233"]
[PlyCount "57"]
[GameId "2160767911703281"]
[EventDate "2000.07.08"]
[EventType "swiss"]
[EventRounds "10"]
[EventCountry "CAN"]

1. d4 d5 2. c4 dxc4 3. e4 Nc6 4. Nf3 Bg4 5. d5 Ne5 6. Be2 Bxf3 7. Bxf3 Nd3+ 8. Kf1 g6 9. Be2 Nf6 10. Bxd3 cxd3 11. Qxd3 Bg7 12. Nc3 O-O 13. Be3 Qd6 14. g3 Qb4 15. Qc2 Qc4+ 16. Kg2 Nxe4 17. Rhd1 Rad8 18. Qd3 Qxd3 19. Rxd3 Bxc3 20. bxc3 Nf6 21. c4 c5 22. Bxc5 Rc8 23. Bxe7 Rfe8 24. Bxf6 Rxc4 25. d6 Re6 26. Be7 Re2 27. d7 Rcc2 28. d8=Q+ Kg7 29. Qf8# 1-0

[Event "CAN-op"]
[Site "Edmonton CAN"]
[Date "2000.07.16"]
[Round "10"]
[White "Deimert, Elroy"]
[Black "MacFarlane, Donald"]
[Result "1-0"]
[WhiteElo "1713"]
[BlackElo "1484"]
[PlyCount "131"]
[GameId "2160767911703282"]
[EventDate "2000.07.08"]
[EventType "swiss"]
[EventRounds "10"]
[EventCountry "CAN"]

1. e4 e5 2. Nf3 Nf6 3. Nxe5 d6 4. Nf3 Nxe4 5. Qe2 Qe7 6. d3 Nf6 7. Bg5 Nbd7 8. Nc3 Qe6 9. Qxe6+ fxe6 10. d4 c6 11. Bd3 Be7 12. O-O Nb6 13. Rfe1 Nbd5 14. Ne4 Bd7 15. a3 O-O-O 16. c4 Nc7 17. b4 d5 18. Ng3 h6 19. Bf4 Nfe8 20. c5 Rf8 21. Nh5 Nb5 22. a4 Nbc7 23. Ne5 Bf6 24. Bg6 Bxe5 25. Bxe5 b6 26. cxb6 axb6 27. a5 b5 28. a6 Na8 29. a7 Kb7 30. Ra3 Nb6 31. Bb8 Na4 32. Rea1 Nc7 33. Bc2 Rxb8 34. axb8=Q+ Rxb8 35. Bxa4 bxa4 36. Rxa4 Ra8 37. Rxa8 Nxa8 38. Nxg7 Nc7 39. f4 Nb5 40. Rd1 Nc3 41. Re1 Ne4 42. Nh5 Be8 43. Ng7 Bd7 44. h3 Kb6 45. g4 Kb5 46. h4 Kxb4 47. Rb1+ Kc4 48. Rb7 e5 49. Rxd7 exd4 50. Nf5 d3 51. Ne3+ Kd4 52. Nd1 d2 53. Ra7 Kd3 54. Ra1 d4 55. g5 hxg5 56. hxg5 Ke2 57. g6 c5 58. g7 Nf6 59. f5 c4 60. Ra6 Ng8 61. f6 Kxd1 62. f7 Ke2 63. Ra1 c3 64. f8=Q c2 65. Qf2+ Kd3 66. Ra3+ 1-0

[Event "CAN-op"]
[Site "Edmonton CAN"]
[Date "2000.07.16"]
[Round "10"]
[White "Faust, Steven"]
[Black "Porubszki, Georg"]
[Result "0-1"]
[WhiteElo "1874"]
[BlackElo "2042"]
[PlyCount "120"]
[GameId "2160767911703283"]
[EventDate "2000.07.08"]
[EventType "swiss"]
[EventRounds "10"]
[EventCountry "CAN"]

1. e4 c5 2. Nf3 e6 3. d4 cxd4 4. Nxd4 a6 5. Nc3 Qc7 6. Be2 Nf6 7. O-O Be7 8. Kh1 O-O 9. f4 d6 10. Be3 b5 11. a3 Bb7 12. Bf3 Nbd7 13. Nde2 Nb6 14. Bf2 Rac8 15. Bxb6 Qxb6 16. Qd4 Qxd4 17. Nxd4 d5 18. exd5 exd5 19. Rad1 Bxa3 20. Nxd5 Bxd5 21. bxa3 Bxf3 22. Rxf3 Rfd8 23. Rfd3 g6 24. Kg1 Re8 25. h3 Ne4 26. Re1 f5 27. g4 fxg4 28. hxg4 Nd6 29. Rxe8+ Rxe8 30. Kf2 Nc4 31. Kf3 Rd8 32. Ke4 Kf7 33. Rc3 Rc8 34. Rh3 Re8+ 35. Kd5 Ne3+ 36. Kc5 Rc8+ 37. Kb6 Nxc2 38. Nxc2 Rxc2 39. Rxh7+ Kg8 40. Rh3 Rc4 41. Kxa6 b4 42. axb4 Rxb4 43. Rf3 Kf7 44. Ka5 Rb1 45. g5 Ke6 46. Re3+ Kf5 47. Rc3 Kxf4 48. Rc5 Rg1 49. Kb4 Rb1+ 50. Ka3 Rg1 51. Kb3 Rxg5 52. Rc4+ Kg3 53. Kc2 Rd5 54. Kc3 g5 55. Rc8 g4 56. Kc4 Rd1 57. Rf8 Kg2 58. Kc3 g3 59. Kc2 Rd6 60. Rf7 Kg1 0-1